| 000 | 00977nam a22002897a 4500 | ||
|---|---|---|---|
| 001 | BR6010695 | ||
| 003 | BR-BrBNA | ||
| 005 | 20230928083340.0 | ||
| 007 | ta | ||
| 008 | 230509b bl.||||| |||| 00| 0 por d | ||
| 040 |
_aBR-BrBNA _bpor _cBiblioteca Nacional de Agricultura |
||
| 041 | _a(Por) | ||
| 072 |
_aM00; C00 _b/G514 |
||
| 090 | _ M00 BR6010695 | ||
| 100 | 1 | _aSilva, N.S. | |
| 110 | 1 |
_aAssociacao de Credito e Assistencia Pesqueira de Santa Catarina, Florianopolis (Brasil) _9414 |
|
| 245 | 1 | _aAcao para o desenvolvimento da pesca [assistencia tecnica, Santa Catarina, Brasil] | |
| 260 | 3 |
_aFlorianopolis, SC (Brasil): _c[nd]. |
|
| 300 | _avp. | ||
| 500 | _a[ca. 67]p. (*) Documento disponível na(o) Empresa Catarinense de Pesquisa Agropecuaria, Florianopolis, SC (Brazil) | ||
| 650 | _aDESENVOLVIMENTO PESQUEIRO | ||
| 650 | _aASSISTENCIA TECNICA | ||
| 650 | _aPESCA | ||
| 650 | _aSANTA CATARINA | ||
| 909 |
_a202309 _bLucia _c55 _dLucia Elande |
||
| 942 | _cBK | ||
| 999 |
_c12951 _d12951 |
||